00458nam a2200193 a 4500001001300000003000900013005001700022008004100039020001000080082001300090100001800103245001300121260003800134300000800172500003500180505001300215650001800228700001800246nice12345678IN_TiNIC20260116012953.0050524s1939 dela grp 000 0 urd  ac10000a244bSHA aShah, M Ahmad aImberzal aDelhibChildren`s Lit.Housec1939 a30p aincludes index and biblioraphy2 aAppendix aBible Stories1 aShah, M Ahmad